书目信息 |
| 题名: |
能源与环境
|
|
| 作者: | 冯俊小 , 李君慧 主编 | |
| 分册: | ||
| 出版信息: | 北京 冶金工业出版社 2011 |
|
| 页数: | 255页 | |
| 开本: | 26cm | |
| 丛书名: | ||
| 单 册: | ||
| 中图分类: | TK01 , X5 | |
| 科图分类: | ||
| 主题词: | 能源--高等教育--教材 , 污染防治--高等教育--教材 , 能源 , 污染防治 | |
| 电子资源: | ||
| ISBN: | 978-7-5024-5649-8 | |
| 000 | 01025nam0 2200301 45 | |
| 001 | 1354545124 | |
| 005 | 20130510093148.18 | |
| 010 | @a978-7-5024-5649-8@dCNY35.00 | |
| 100 | @a20130108d2011 em y0chiy50 ea | |
| 101 | 0 | @achi |
| 102 | @aCN@b110000 | |
| 105 | @ay z 000yy | |
| 106 | @ar | |
| 200 | 1 | @a能源与环境@ANeng Yuan Yu Huan Jing@f冯俊小,李君慧主编@FFeng Jun Xiao, Li Jun Hui Zhu Bian |
| 210 | @a北京@c冶金工业出版社@d2011 | |
| 215 | @a255页@d26cm | |
| 300 | @a普通高等教育“十一五”国家级规划教材 | |
| 330 | @a本书分为9章,内容包括能源的环境问题、环境污染治理途径与原理、硫氧化物控制、氮氧化物的治理、二噁英的治理、烟尘的污染及防治、工业节能与环境、废弃物资源化利用和环境等。 | |
| 606 | 0 | @a能源@x高等教育@j教材 |
| 606 | 0 | @a污染防治@x高等教育@j教材 |
| 606 | 0 | @a能源 |
| 606 | 0 | @a污染防治 |
| 690 | @aTK01@v5 | |
| 690 | @aX5@v5 | |
| 701 | 0 | @a冯俊小@AFeng Jun Xiao@4主编 |
| 701 | 0 | @a李君慧@ALi Jun Hui@g(女)@4主编 |
| 801 | @aCN@bTANGWEI@c20130109 | |
| 905 | @b0830785-87@dTK01@e110@f3 | |
| 能源与环境/冯俊小,李君慧主编.-北京:冶金工业出版社,2011 |
| 255页;26cm |
| 普通高等教育“十一五”国家级规划教材 |
| ISBN 978-7-5024-5649-8:CNY35.00 |
| 本书分为9章,内容包括能源的环境问题、环境污染治理途径与原理、硫氧化物控制、氮氧化物的治理、二噁英的治理、烟尘的污染及防治、工业节能与环境、废弃物资源化利用和环境等。 |
| ● |
| 相关链接 |
|
|
|
|
正题名:能源与环境
索取号:TK01/110
 
预约/预借
| 序号 | 登录号 | 条形码 | 馆藏地/架位号 | 状态 | 备注 |
| 1 | 0830785 | 208307857 | 第二样本阅览室/ [索取号:TK01/110] | 在馆 | |
| 2 | 0830786 | 208307866 | 第三借阅区/ [索取号:TK01/110] | 在馆 | |
| 3 | 0830787 | 208307875 | 第三借阅区/ [索取号:TK01/110] | 在馆 |